Evropa není zdaleka jednotná

Voľba stratégie pre európsky trh. Rozhodovanie medzi stratégiou štandardizácie na základe globálneho prístupu alebo stratégiou lokalizácie, rešpektujúcou zvláštnosti jednotlivých regiónov. Reklamná komunikácia. Protiklad spoločného životného štýlu a tradičnej kultúrnej hodnoty života.

Na minha lista:
Detalhes bibliográficos
Autor principal: Světlík, Jaroslav
Formato: Capítulo de Livro
Idioma:tcheco
Assuntos:
Tags: Adicionar Tag
Sem tags, seja o primeiro a adicionar uma tag!

MARC

LEADER 00000naa$a2200000$$$4500
001 0056222
005 20231018130457.4
041 0 |a cze 
044 |a CZ 
245 1 0 |a Evropa není zdaleka jednotná  |c Jaroslav Světlík 
520 |a Voľba stratégie pre európsky trh. Rozhodovanie medzi stratégiou štandardizácie na základe globálneho prístupu alebo stratégiou lokalizácie, rešpektujúcou zvláštnosti jednotlivých regiónov. Reklamná komunikácia. Protiklad spoločného životného štýlu a tradičnej kultúrnej hodnoty života. 
610 2 0 |a Európa 
610 2 0 |a eurotrhy 
610 2 0 |a integrácia 
610 2 0 |a stratégia marketingová 
610 2 0 |a spotrebitelia 
610 2 0 |a reklama 
610 2 0 |a komunikácia marketingová 
100 1 |a Světlík, Jaroslav